000 00216nam a2200097Ia 4500
005 20251222175819.0
008 251222s9999||||xx |||||||||||||| ||spa||
082 _aDVD0080/T48/2006
245 0 _aMagnolia:
942 _cDVD
999 _c40441
_d40441